Loading...
| Mythology | 0 | 8 | 0 | 1 | 80 | 31 | 86.13 | 1 | 3 |
| Science - Biology | 0 | 7 | 0 | 1 | 70 | 45 | 73.29 | 1 | 5 |
| History - World History | 0 | 5 | 0 | 2 | 50 | 86 | 102.60 | 0 | 0 |
| Science - Chemistry | 0 | 6 | 2 | 1 | 50 | 52 | 79.33 | 2 | 4 |
| History - American History | 0 | 5 | 0 | 2 | 50 | 87 | 107.80 | 0 | 2 |
| History - European History | 0 | 5 | 1 | 2 | 45 | 84 | 107.40 | 0 | 2 |
| Literature - European Literature | 0 | 3 | 0 | 1 | 30 | 134 | 140.67 | 0 | 0 |
| History - Other History | 0 | 4 | 3 | 0 | 25 | 65 | 69.25 | 0 | 2 |
| Fine Arts - Visual Fine Arts | 0 | 3 | 1 | 1 | 25 | 131 | 133.67 | 0 | 0 |
| Social Science | 0 | 2 | 0 | 0 | 20 | 52 | 82.00 | 0 | 1 |
| Fine Arts - Other Fine Arts | 0 | 2 | 0 | 1 | 20 | 97 | 114.50 | 0 | 0 |
| Literature - World/Other Literature | 0 | 2 | 0 | 0 | 20 | 28 | 85.00 | 1 | 1 |
| Science - Other Science | 0 | 2 | 0 | 0 | 20 | 97 | 100.00 | 0 | 0 |
| Science - Physics | 0 | 2 | 0 | 1 | 20 | 103 | 110.50 | 0 | 0 |
| Religion | 0 | 2 | 1 | 0 | 15 | 101 | 107.50 | 0 | 0 |
| Fine Arts - Classical Music | 0 | 2 | 2 | 1 | 10 | 54 | 93.50 | 1 | 1 |
| Geography/Current Events | 0 | 1 | 1 | 1 | 5 | 115 | 115.00 | 0 | 0 |